The church of England year book ; (Record no. 39534)
[ view plain ]
| 000 -LEADER | |
|---|---|
| fixed length control field | 00606 2200133 4500 |
| 008 - FIXED-LENGTH DATA ELEMENTS--GENERAL INFORMATION | |
| fixed length control field | 111013t xxu||||| |||| 00| 0 eng d |
| 050 ## - LIBRARY OF CONGRESS CALL NUMBER | |
| Classification number | REF BX5015 |
| Item number | .C47 1971 |
| 245 ## - TITLE STATEMENT | |
| Title | The church of England year book ; |
| Remainder of title | the official year book of the general synod of the church of England / |
| 260 ## - PUBLICATION, DISTRIBUTION, ETC. (IMPRINT) | |
| Place of publication, distribution, etc | Oxford |
| Name of publisher, distributor, etc | Church Army Press |
| Date of publication, distribution, etc | 1971 |
| 300 ## - PHYSICAL DESCRIPTION | |
| Extent | xxvii, 408 p.; |
| Dimensions | 22 cm. |
| 700 ## - ADDED ENTRY--PERSONAL NAME | |
| Personal name | Central Board of Finance of the Church of England |
| 942 ## - ADDED ENTRY ELEMENTS (KOHA) | |
| Source of classification or shelving scheme | Library of Congress Classification |
| Item type | Book |
| Withdrawn status | Lost status | Source of classification or shelving scheme | Damaged status | Not for loan | Collection code | Home library | Current library | Shelving location | Date acquired | Source of acquisition | Total Checkouts | Full call number | Barcode | Copy number | Price effective from | Koha item type |
|---|---|---|---|---|---|---|---|---|---|---|---|---|---|---|---|---|
| Library of Congress Classification | Not For Loan | Non-fiction | Bishop Okullu Memorial Library (Limuru Campus) | Bishop Okullu Memorial Library (Limuru Campus) | Reference | 13/10/2011 | purchase | REF BX5015 .C47 1971 | 028753 | 1 | 13/10/2011 | Book |